Coupe du Monde 1982: Un joueur, une équipe - Statistiques

Statistiques générales
  • Ce quiz a été pris 123 fois
  • Le résultat moyen est 19 sur 24
Statistiques - réponses
Réponse % Correct
Angleterre
100%
Brésil
97%
France
96%
Italie
96%
Algérie
92%
Cameroun
90%
Allemagne de l'Ouest
89%
Yougoslavie
88%
URSS
86%
Espagne
85%
Pologne
85%
Argentine
83%
Belgique
82%
Ecosse
78%
Hongrie
78%
Tchécoslovaquie
78%
Chili
75%
Irlande du Nord
73%
Koweït
73%
Autriche
68%
Honduras
62%
Pérou
55%
Nouvelle-Zélande
54%
Salvador
48%
Aucun quiz correspondant
Distribution des résultats
% des personnes avec chaque résultat
Percentile par nombre de réponses
Votre historique - résultats
Vous n’avez pas pris ce quiz